00214nam a2200073Ia 4500008004100000245005200041260003000093999001700123170620s9999 xx 000 0 und d 0aBhavi Shikshak Hetu Adharbhut Karyakram (Hindi) bAgra- Vinod Pustak Mandir c23694d23694